000 00627cab a2200217 4500
001 ABS42607
008 090401t1990 xxu||||| |||| 00| 0 eng d
035 _a(Sirsi) u37824
041 _aeng
100 _aHarris, M.
245 _aTaxation: sale of business on retirement
260 _c1990
350 _a0
490 _aEstates Gazette
_v(9016) 21 April 1990, 30-31(2)
520 _aConsiders Capital Gains Tax problems, which can arise when an interest in a business is sold on retirement .
650 _aASSET VALUATION
650 _aSALE OF BUSINESS
690 _aTAXATION
942 _n0
948 _c04/03/1997
999 _c24339
_d24339